000 01639nam0a22003731 4500
001 rc\2994959
005 20250810054844.0
035 _a(NLR Aleph) 007138740
090 _a7033686
_c7033686
100 _a20110916d1942 u y0rusy50 ca
101 0 _arus
102 _aRU
105 _ay z |||||
135 _acrbn 008apadp
200 1 _aПростейшие способы сушки овощей, ботвы и грибов
_fС.П. Дмитриевский, В.И. Семенов
_gНаркомторг РСФСР. Лензаготплодоовощторг
210 _aЛенинград
_cЛениздат
_d1942
215 _a16 с.
_d15 см
325 _aКопия доступна в Электрон. б-ке РНБ
700 1 _7ca
_8rus
_aДмитриевский
_bС. П.
_cтехнолог пищ. пр-ва
_gСемен Петрович
_9227282
_3RU\NLR\AUTH\770227338
701 1 _aСеменов
_bВ.И.
801 0 _aRU
_bNLR
_gpsbo
801 1 _aRU
_bELAR
_2rusmarc
852 _aNLR
_bС
_j40 Г-2/43
856 0 _uhttp://vivaldi.nlr.ru/ab000002354/view
856 1 _uhttp://vivaldi.nlr.ru/ab000002354/cover
856 2 _uhttp://vivaldi.nlr.ru/ab000002354/text
901 _eКнижные издания
942 _cBOOK
945 _aРоссийская национальная библиотека
980 _aNB
980 _aBV
981 3 7 _a(37) Ленинград в Великой Отечественной войне
_b(37) Книги блокадного Ленинграда
981 3 4 _a(34) Санкт-Петербург